[Event "Troisdorf op"]
[Site "Troisdorf"]
[Date "2004.11.02"]
[Round "1"]
[White "Smit, Hendrik"]
[Black "Riefer, Alexander"]
[Result "0-1"]
[WhiteElo "1518"]
[BlackElo "1937"]
[PlyCount "84"]
[EventDate "2004.11.02"]
[EventType "swiss"]
[EventRounds "7"]
[EventCountry "GER"]
[SourceTitle "EXT 2006"]
[Source "ChessBase"]
[SourceDate "2005.11.24"]
[SourceVersion "1"]
[SourceVersionDate "2005.11.24"]
[SourceQuality "1"]

1. Nf3 d5 2. d4 Bf5 3. c4 Nf6 4. Nc3 e6 5. Bg5 Bb4 6. Rc1 0-0 7. e3 c6 8. Be2 Nbd7 9. cxd5 cxd5 10. 0-0 Rc8 11. Qb3 Qa5 12. Bf4 Nh5 13. Bg3 Nxg3 14. hxg3 a6 15. Nd2 Bxc3 16. Rxc3 Rxc3 17. bxc3 b5 18. a3 Rc8 19. Rc1 Nb6 20. f3 Na4 21. e4 Rxc3 22. Rxc3 Qxc3 23. Qxc3 Nxc3 24. Bd3 dxe4 25. fxe4 Bg4 26. Nf3 f6 27. Kf1 Bh5 28. Ke1 Bg6 29. Nd2 f5 30. e5 Kf7 31. Nb3 Nd5 32. Nc5 Nc7 33. Kd2 Ke7 34. Nb7 Be8 35. Nc5 Bc6 36. Bf1 Kf7 37. Nd3 a5 38. Nc5 Kg6 39. Nb3 a4 40. Nc1 Kg5 41. Ke3 Nd5+ 42. Kd3 f4 0-1